000 00767nam a2200181Ia 4500
008 210719s2018 xx 000 0 und d
041 _akan
082 _a294.535K HARS
100 _aHARSHENDRA KUMAR (Di);LAKSHMI MACCHINA
245 _aSuvarna sanchaya 4: Marali prakratige
_bprakrati chikitseyinda swata chitta
260 _aUjire
_bGolden Jubilee Celebrartion Committee, Dharmastala
_c2018
300 _a170
_bPB
365 _b150
_cRs
440 _aShri D Veerendra Heggadeyavara pattabisheka suvarna mahotsava pustaka malike
_v4
650 _aHinduism
650 _aHinduism
906 _a4: ; chikitseyinda ; chitta ; Heggadeyavara ; mahotsava ; malike ; Marali ; pattabisheka ; prakrati ; prakratige ; pustaka ; sanchaya ; Suvarna ; swata ; Veerendra ; yoga
999 _c216038
_d216038